000 01122cam a2200349 i 4500
999 _c200429800
_d47726
001 200429800
003 TR-AnTOB
005 20211021000818.0
007 ta
008 161004s2009 tu 00000 tur d
020 _a9786053952336
040 _aTR-AnTOB
_beng
_erda
_cTR-AnTOB
041 0 _atur
050 0 0 _aPL123
_b.T875 2009
090 _aPL123
_b.T87 2009
245 0 0 _aTürk dili :
_byazılı ve sözlü anlatım /
_ceditörler: Nurettin Demir, Emine Yılmaz.
264 1 _aAnkara :
_bNobel Yayın Dağıtım,
_c2009.
264 4 _c©2009
300 _a309 pages ;
_c28 cm
336 _atext
_2rdacontent
337 _aunmediated
_2rdamedia
338 _avolume
_2rdacarrier
490 0 _aNobel Yayın No ;
_v1436
_aEğitim bilimleri ;
_v335
504 _aIncludes bibliographical references (pages: 301-309).
590 _aDonated by Tuba Işınsu İsen Durmuş
650 0 _aTürk dili
_xDil bilgisi
_96944
650 7 _aTürk dili
_2etuturkob
_9119101
700 1 _aDemir, Nurettin
_eeditor
_915190
700 1 _aYılmaz, Emine
_eeditor
_980508
942 _2lcc
_cBK